| 000 | 01576nam a22004337a 4500 | ||
|---|---|---|---|
| 001 | 000074602 | ||
| 003 | CHAP | ||
| 005 | 20220329141649.0 | ||
| 008 | 971013s1993 r 00010 d | ||
| 010 | _a71837 | ||
| 011 | _a72809 | ||
| 035 | _a82365 | ||
| 040 | _cCHAP | ||
| 082 | 0 | 4 |
_a338.18 _bK7 |
| 100 | 0 | 0 |
_aKraemer Bayer, Gabriela. _963837 |
| 245 | 1 | 0 |
_aUtopía en el agro mexicano : _bcuarenta proyectos de desarrollo en áreas marginadas. |
| 260 |
_aChapingo, Méx. : _bUACH, _c1993. |
||
| 300 |
_a582 p. : _b: ilus. |
||
| 590 |
_aBATCH-UPD _b10 _c20130110 _lUCH01 _h0956 |
||
| 590 |
_aBATCH-UPD _b10 _c20130410 _lUCH01 _h0608 |
||
| 590 |
_aBATCH-UPD _b10 _c20130914 _lUCH01 _h1155 |
||
| 590 |
_aBATCH-UPD _b10 _c20140805 _lUCH01 _h1146 |
||
| 590 |
_aCONVERSION _b10 _c20130109 _lUCH01 _h1339 |
||
| 590 |
_aE11695DGD _b10 _c20170521 _lUCH01 _h1333 |
||
| 590 |
_aE5995AHE _b05 _c20150220 _lUCH01 _h0852 |
||
| 650 | 1 | 4 |
_aAgricultura _xInvestigación. _91577 |
| 650 | 1 | 4 |
_aDesarrollo rural. _932067 |
| 650 | 1 | 4 |
_aPlaneación regional. _988700 |
| 650 | 1 | 4 |
_aPolítica agrícola. _990283 |
| 650 | 1 | 4 |
_aUtopía. _9117113 |
| 901 | _aBK | ||
| 942 | _cLIBRO | ||
| 942 | _n0 | ||
| 949 |
_a338.18 K7 _bBC _cLIBRO _d33724000117917 _eLIBRO _h85244 _i82365 _mD _si |
||
| 949 |
_a338.18 K7 _bBC _cLIBRO _d33724000117925 _eLIBRO _fc.3 _h85246 _i82365 _mD _si |
||
| 949 |
_a338.18 K7 _bBC _cLIBRO _d33724000117933 _eLIBRO _fc.4 _h85247 _i82365 _mD _si |
||
| 949 |
_a338.18 K7 _bBC _cLIBRO _d33724000117941 _eLIBRO _fc.2 _h85245 _i82365 _mD _si |
||
| 949 |
_a338.18 K7 _bBC _cUACH _d-36388 _eUACH _fc.5 _h85248 _i82365 _mD _si |
||
| 999 |
_c71837 _d71837 |
||